| 000 | 00592nam a2200193Ia 4500 | ||
|---|---|---|---|
| 005 | 20250508155700.0 | ||
| 008 | 008 250505s9999 xx 000 0 eng d | ||
| 037 | _aTextual | ||
| 040 |
_aFEDL _beng _cFEDL |
||
| 041 |
_aeng _2eng |
||
| 084 |
_a300.7, INS _qFEDL |
||
| 245 | 0 | _aSocial studies for emr pupils : Teacher resoure material : An instructional bulletin for junior high schools | |
| 245 | 0 | _cLos Angeles City Schools | |
| 260 | _c1970 | ||
| 300 | _a241p. | ||
| 650 |
_aSocial Science-Teaching _9756472 |
||
| 942 |
_cTEXL _h300.7, INS |
||
| 999 |
_c1358777 _d1358777 |
||